| 000 | 00337nam a22001217a 4500 | ||
|---|---|---|---|
| 082 | _a621.4021 JON'E | ||
| 100 |
_aJONES, J. B,HAWKINS, G. A _959702 |
||
| 245 | _aENGINEERING THERMODYNAMICS AN INTRODUCTORY TEXTBOOK | ||
| 260 |
_aNEWYORK _bJOHN WILEY _c1960 |
||
| 300 | _a724P | ||
| 650 |
_aENGINEERING THERMODYNAMICS _959703 |
||
| 942 | _cBK | ||
| 999 |
_c569616 _d569616 |
||